| 000 | 01446cam a22003853a 4500 | ||
|---|---|---|---|
| 001 | 16404659 | ||
| 003 | OSt | ||
| 005 | 20140310184416.0 | ||
| 008 | 970113s1996 nyua j 000 1 eng d | ||
| 010 | _a 97810708 | ||
| 020 | _a0590484745 (pbk.) | ||
| 035 | _a(OCoLC)ocm36196332 | ||
| 040 |
_aVPL _cVPL _dSLC _dOCL _dDLC |
||
| 050 |
_aPZ 7 _b.M488 2004 |
||
| 100 | 1 |
_aMedearis, Angela Shelf, _d1956- _923854 |
|
| 245 | 1 | 4 |
_aThe spray-paint mystery / _cAngela Shelf Medearis ; illustrated by Richard Williams. |
| 260 |
_aNew York, NY : _bScholastic Inc., _c1996. |
||
| 300 |
_a102 p. : _bill. ; _c20 cm. |
||
| 440 | 0 |
_aLittle apple _94142 |
|
| 500 | _a"A Little Apple paperback." | ||
| 520 | _aSomeone's been painting graffiti on the walls. It's up to Cameron to find out who and prove that he can be a great detective just like his dad. With help from his best friend, Tarann, it's up to him to solve this paint puzzle! | ||
| 521 | _aG2 | ||
| 526 | _c470 | ||
| 650 | 0 |
_aDetective and mystery stories. _94339 |
|
| 650 | 0 |
_aGraffiti _vJuvenile fiction. _923855 |
|
| 655 | 7 |
_aMystery fiction. _2gsafd _94089 |
|
| 655 | 7 |
_aChildren's stories. _2lcsh _93012 |
|
| 700 | 1 |
_aWilliams, Richard, _d1950- _923856 |
|
| 710 | 2 |
_aCopyright Paperback Collection (Library of Congress) _5DLC _9705 |
|
| 906 |
_a7 _bcbc _ccopycat _d2 _encip _f19 _gy-genrareb |
||
| 942 |
_2lcc _cBK-SCHOLAS |
||
| 999 |
_c34156 _d34156 |
||